Anthropology : the exploration of human diversity

Αποθηκεύτηκε σε:
Λεπτομέρειες βιβλιογραφικής εγγραφής
Κύριος συγγραφέας: Kottak, Conrad Phillip
Μορφή: Βιβλίο
Γλώσσα:English
Δημοσίευση: New York : McGraw-Hill, c1997.
Έκδοση:7th ed.
Θέματα:
Ετικέτες: Προσθήκη ετικέτας
Δεν υπάρχουν, Καταχωρήστε ετικέτα πρώτοι!

MARC

LEADER 00000nam a2200000 i 4500
001 1/86149
008 990712s1997####xxka 00| | eng||
020 |a 0071144293  
035 |l 10052014 
040 |a GR-MY-UA  |b gre  |e aacr 
041 0 |a eng 
082 0 |a 306  
100 1 |a Kottak, Conrad Phillip. 
245 1 0 |a Anthropology :   |b the exploration of human diversity /   |c Conrad Phillip Kottak.  
250 |a 7th ed. 
260 |a New York :   |b McGraw-Hill,   |c c1997.  
300 |a xxx, 544 σ. :   |b εικ. (μερ. έγχρ.), χάρτες ;   |c 26 εκ. 
504 |a Περιέχει βιβλιογραφικές παραπομπές (σ. 481-505) και ευρετήρια.  
650 0 0 |a Anthropology. 
852 |a INST  |b LESVOS  |e 19990712  |h 301 KOT  |p 005100019887  |q 005100019887  |t BK  |y 0 
901 |a BIBL1-1999-2 
909 |a Λ  |b 062853 
922 |a 1ΕΛΗ  |b 199812  |c ΚΠΣ/ΤΓ  |d LEADER 
950 |a 118-1998-10-19 
970 |a ΜΟΥΣΤΑΚΑ  |b ΠΗΝΕΛΟΠΗ  |z 1999/07/12